Członkowie FIFA (mapa) - Statystyki

Ogólne statystyki
  • Ten quiz został rozwiązany 43 razy
  • Średni wynik to 144 z 211
Odpowiedzi na mapie
Odpowiedzi zakodowano w zielono-czerwonej skali na mapie do tego quizu, zgodnie z poniższymi procentami.
 
Statystyki odpowiedzi
Reprezentacja % Poprawnych
Kanada
96%
Stany Zjednoczone
96%
Meksyk
92%
Anglia
88%
Dominika
88%
Dominikana
88%
Haiti
88%
Argentyna
85%
Brazylia
85%
Chile
85%
Francja
85%
Hiszpania
85%
Honduras
85%
Irlandia
85%
Kolumbia
85%
Kuba
85%
Panama
85%
Szkocja
85%
Turcja
85%
Walia
85%
Albania
81%
Arabia Saudyjska
81%
Australia
81%
Austria
81%
Belgia
81%
Białoruś
81%
Boliwia
81%
Bośnia i Hercegowina
81%
Chiny
81%
Chorwacja
81%
Cypr
81%
Czechy
81%
Dania
81%
Demokratyczna Republika Konga
81%
Egipt
81%
Ekwador
81%
Estonia
81%
Finlandia
81%
Grecja
81%
Holandia
81%
Indonezja
81%
Irak
81%
Irlandia Północna
81%
Islandia
81%
Japonia
81%
Kazachstan
81%
Kongo
81%
Litwa
81%
Łotwa
81%
Luksemburg
81%
Malta
81%
Niemcy
81%
Norwegia
81%
Nowa Zelandia
81%
Paragwaj
81%
Peru
81%
Polska
81%
Portugalia
81%
Rosja
81%
Rumunia
81%
Słowacja
81%
Słowenia
81%
Szwajcaria
81%
Szwecja
81%
Ukraina
81%
Węgry
81%
Włochy
81%
Algieria
77%
Armenia
77%
Azerbejdżan
77%
Bułgaria
77%
Czad
77%
Czarnogóra
77%
Etiopia
77%
Gwatemala
77%
Iran
77%
Izrael
77%
Korea Północna
77%
Korea Południowa
77%
Kosowo
77%
Libia
77%
Liechtenstein
77%
Macedonia Północna
77%
Madagaskar
77%
Mołdawia
77%
Niger
77%
San Marino
77%
Serbia
77%
Wenezuela
77%
Belize
73%
Erytrea
73%
Filipiny
73%
Gibraltar
73%
Gruzja
73%
Gujana
73%
Gwinea
73%
Indie
73%
Jemen
73%
Katar
73%
Kirgistan
73%
Maroko
73%
Mongolia
73%
Nigeria
73%
Oman
73%
Południowa Afryka
73%
Sudan
73%
Tadżykistan
73%
Trynidad i Tobago
73%
Urugwaj
73%
Wietnam
73%
Wybrzeże Kości Słoniowej
73%
Zjednoczone Emiraty Arabskie
73%
Afganistan
69%
Andora
69%
Angola
69%
Bahamy
69%
Ghana
69%
Gwinea Równikowa
69%
Jordania
69%
Komory
69%
Pakistan
69%
Republika Środkowoafrykańska
69%
Senegal
69%
Surinam
69%
Syria
69%
Togo
69%
Tunezja
69%
Wyspy Owcze
69%
Botswana
65%
Gwinea Bissau
65%
Jamajka
65%
Kambodża
65%
Kamerun
65%
Kostaryka
65%
Kuwejt
65%
Mali
65%
Mjanma
65%
Nepal
65%
Republika Zielonego Przylądka
65%
Somalia
65%
Sudan Południowy
65%
Tajlandia
65%
Tonga
65%
Turkmenistan
65%
Uzbekistan
65%
Bangladesz
62%
Bhutan
62%
Burkina Faso
62%
Burundi
62%
Dżibuti
62%
Gambia
62%
Kenia
62%
Laos
62%
Lesotho
62%
Malediwy
62%
Mauretania
62%
Nikaragua
62%
Palestyna
62%
Papua-Nowa Gwinea
62%
Salwador
62%
Seszele
62%
Sri Lanka
62%
Uganda
62%
Bahrajn
58%
Barbados
58%
Gabon
58%
Liban
58%
Malezja
58%
Namibia
58%
Wyspy Salomona
58%
Zimbabwe
58%
Antigua i Barbuda
54%
Benin
54%
Brunei
54%
Eswatini
54%
Fidżi
54%
Grenada
54%
Liberia
54%
Mauritius
54%
Mozambik
54%
Rwanda
54%
Saint Kitts i Nevis
54%
Saint Vincent i Grenadyny
54%
Tanzania
54%
Wyspy Świętego Tomasza i Książęca
54%
Zambia
54%
Saint Lucia
50%
Samoa
50%
Timor Wschodni
50%
Vanuatu
50%
Malawi
46%
Portoryko
46%
Sierra Leone
46%
Curaçao
42%
Hongkong
42%
Singapur
42%
Aruba
38%
Bermudy
35%
Guam
35%
Kajmany
35%
Nowa Kaledonia
35%
Tahiti
31%
Brytyjskie Wyspy Dziewicze
27%
Turks i Caicos
27%
Anguilla
23%
Makau
23%
Samoa Amerykańskie
23%
Montserrat
19%
Wyspy Cooka
19%
Wyspy Dziewicze Stanów Zjednoczonych
19%
Chińskie Tajpej
12%
Nie znaleziono quizów pasujących do podanych kryteriów
Rozkład punktacji
Procent ludzi z każdym wynikiem
Percentyl według liczby udzielonych odpowiedzi
Twoja historia wyników
Nie rozwiązałeś tego quizu